Carta a un amigo que no cree: razón y fe ante el misterio
Salvato in:
| Autore principale: | |
|---|---|
| Natura: | Libro |
| Lingua: | spagnolo |
| Pubblicazione: |
Buenos Aires
Ciudad Nueva
2006
|
| Edizione: | 1a. ed |
| Serie: | Actualidad. Diálogos
|
| Soggetti: | |
| Tags: |
Aggiungi Tag
Nessun Tag, puoi essere il primo ad aggiungerne!!
|
MARC
| LEADER | 00000cam a2200000 a 4500 | ||
|---|---|---|---|
| 001 | UCE0460 | ||
| 003 | CL-VaPUC | ||
| 008 | 140116e20060000ag |||||||||||||||||spa|d | ||
| 020 | |a 9789505862054 | ||
| 082 | 0 | 4 | |a 248 |b PAG |2 21 |
| 100 | |a Paglia, Vicenzo |e autor |9 572814 | ||
| 245 | 1 | 0 | |a Carta a un amigo que no cree: razón y fe ante el misterio |
| 250 | |a 1a. ed | ||
| 300 | |a 197 p | ||
| 942 | |c BK | ||
| 945 | |d 20140116 11:53:00 |a dcastane | ||
| 260 | |a Buenos Aires |b Ciudad Nueva |c 2006 | ||
| 650 | 0 | |a Espiritualidad |9 267331 | |
| 650 | 0 | |a Vida cristiana |9 258753 | |
| 650 | 7 | |a CONVERSION |2 CL-VaPUC |9 310975 | |
| 583 | |a last modification |c 20140116 11:53:00 |k Rodrigo Vera | ||
| 490 | 0 | |a Actualidad. Diálogos | |
| 999 | |c 354581 |d 354579 | ||
| 952 | |0 0 |1 0 |3 erb |4 0 |6 248_000000000000000_PAG_2006 |7 0 |8 A |9 460541 |a BIBEDU |b BIBEDU |i 5051339 |o 248 PAG 2006 |p 5051339 |r 2019-11-23 |w 2019-11-23 |y BK |z Catalogado en:20140116 |k EPE | ||